Logos-Vol. 23, no. 3 (October 1984) (Record no. 4784)
[ view plain ]
| 000 -LEADER | |
|---|---|
| fixed length control field | 00307nam a2200109 4500 |
| 008 - FIXED-LENGTH DATA ELEMENTS--GENERAL INFORMATION | |
| fixed length control field | 240222b |||||||| |||| 00| 0 eng d |
| 942 ## - ADDED ENTRY ELEMENTS (KOHA) | |
| Item Type | Periodicals |
| 245 ## - TITLE STATEMENT | |
| Title | Logos-Vol. 23, no. 3 (October 1984) |
| 246 ## - VARYING FORM OF TITLE | |
| Title | Sri Lanka's ethnic problem |
| 260 ## - PUBLICATION, DISTRIBUTION, ETC. (IMPRINT) | |
| Place of Publication | Colombo : |
| Name of Publisher | Centre for society & Religion, |
| Date of Copyright | 1984 |
| 300 ## - PHYSICAL DESCRIPTION | |
| Physical Details | 120 p. |
| Withdrawn status | Lost status | Source of classification or shelving scheme | Damaged status | Not for loan | Permanent location | Current location | Date acquired | Total Checkouts | Full call number | Barcode | Date last seen | Price effective from | Koha item type |
|---|---|---|---|---|---|---|---|---|---|---|---|---|---|
| Dewey Decimal Classification | Resource center, Muslim Women's Research And Action Forum | Resource center, Muslim Women's Research And Action Forum | 2024-02-22 | 305.8 LOG | RAF5068 | 2024-02-22 | 2024-02-22 | Periodicals |

